|
|
|
|
| LEADER |
00000nab#a22000007a#4500 |
| 001 |
arbauad38750 |
| 003 |
AR-BaUAD |
| 005 |
20250711113029.0 |
| 008 |
140519|||||||||###||||||b###|0###a|spa|| |
| 040 |
|
|
|a AR-BaUAD
|c AR-BaUAD
|b spa
|
| 245 |
1 |
0 |
|a After the Party, Bienal de Arquitectura de Venecia
|
| 300 |
0 |
|
|b axonom., cortes, fot., plantas
|
| 653 |
|
|
|a ARQUITECTURA
|
| 653 |
|
|
|a OFFICE KGDVS
|
| 653 |
|
|
|a GEERS, KERSTEN
|
| 653 |
|
|
|a VAN SEVEREN, DAVID
|
| 653 |
|
|
|a PABELLONES
|
| 653 |
|
|
|a PABELLON DE BELGICA
|
| 653 |
|
|
|a BIENAL DE VENECIA
|
| 653 |
|
|
|a 2008
|
| 653 |
|
|
|a CHAPA
|
| 653 |
|
|
|a ACERO GALVANIZADO
|
| 653 |
|
|
|a VENECIA
|
| 653 |
|
|
|a ITALIA
|
| 653 |
|
|
|a MUROS
|
| 653 |
|
|
|a PATIOS
|
| 773 |
0 |
|
|t 2G
|g no. 63 [sep. 2012], p. 26-33
|
| 942 |
|
|
|c ARTI
|
| 952 |
|
|
|0 0
|1 0
|4 0
|7 0
|9 83669
|a AR-BAuAD
|b AR-BAuAD
|d 2025-07-11
|l 0
|p AAQA38750
|r 2025-07-11 11:30:29
|w 2025-07-11
|y ARTI
|
| 990 |
|
|
|a AQ201
|b TD
|
| 998 |
|
|
|a AAQ
|b BIBUN76
|
| 999 |
|
|
|c 63342
|d 63342
|